000 01455nam a22002657a 4500
005 20260218153740.0
008 240103b ||||| |||| 00| 0 eng d
020 _a9780190125318
040 _cAL
041 _aEnglish
082 _223
_a362.10954
_bRAOD
100 _aK Sujatha Rao
_9255631
245 _aDo we care
_b: Indias Health System
260 _aNew Delhi
_bOxford University Press
_c2022
300 _axxxiii,446p
_bPB
_c21.5x14cm
365 _a6998
_b₹520.00
_c
_d₹650.00
_e20%
_f30-12-2023
520 _aIndia's disproportionately skewed health budget emphasises the need to take a closer look at health statistics: we have the highest number of women dying at childbirth and under-five mortality rates. Drawing on her considerable experience as health secretary, Sujatha Rao gives us an insider perspective of India's health system.
521 _aTable of Contents Part 1 India's Health System: Challenges and Constraints 1. evolution of India's Health System 2. Health Financing 3. Governance: Impacting Health systems Part 2 implementing policy: successes, failures and the road ahead 4. scaling up to reverse the HIV/AIDS epidemic 5. revitalizing rural primary healthcare 6. making our future
650 _aMedical economics
_9147200
650 _aPublic health
_9147201
650 _aMedical policy
_9147202
650 _aRural health services
_9147206
700 _aRao, K Sujatha
_9147203
942 _2ddc
_cBK
999 _c229571
_d229571